000 00279nam a22001337a 4500
008 181217b xxu||||| |||| 00| 0 eng d
020 _a2740296628172
041 _aeng
080 _a510
100 _a39
101 _aMAT
245 _aCalculus
_cStewart.J
942 _2udc
_cBK
999 _c53258
_d53258